Riconosci il Pokémon - Quiz n°428 - Statistics

Statistiche generali
  • Questo quiz è stato fatto 0 volte
  • Il punteggio medio è 0 su 10
Statistiche sulle risposte
Indizio Risposta % Corretto
Altezza 1,5 m
0%
Peso 41,5 kg
0%
Sesso 50% ♂, 50% ♀
0%
Tasso di cattura 60 (14.8%)
0%
Stadio evoluzione Forma Base
0%
Abilità Forza Interiore; Sveglialampo; Mangiaerba
0%
Pokémon Girafarig
0%
Tasso di allevamento Medio-Veloce
0%
Tipo Normale / Psico
0%
Generazione Seconda
0%
Nessun quiz corrispondente trovato
Distribuzione punteggi
Percentuale di utenti per punteggio
Percentile per numero di risposta
I tuoi punteggi nel tempo
Non hai fatto questo quiz